Statistics for Don't Listen Lyrics - Jakeneutron

Click here to take the quiz!

General Stats

  • This quiz has been taken 9 times
  • The average score is 170 of 308

Answer Stats

Lyrics% Correct
Do
100%
I
100%
I'm
100%
ME.
100%
me
100%
me!
100%
ME!
100%
me.
100%
So
100%
a
80%
don't-
80%
don't
80%
go
80%
here,
80%
HERE!
80%
it,
80%
it?
80%
it
80%
it's
80%
IT'S
80%
MY
80%
my
80%
no
80%
out
80%
OUT.
80%
Rotting
80%
rotting?
80%
something
80%
the
80%
to
80%
UP!
80%
we
80%
who
80%
you
80%
you,
80%
You
80%
Amanda,
60%
an
60%
and
60%
Are
60%
are
60%
be
60%
can
60%
could
60%
find
60%
friend
60%
got
60%
in
60%
is
60%
Is
60%
I've
60%
LET.
60%
like
60%
listen,
60%
Never
60%
never
60%
nothing!
60%
nothing
60%
OF.
60%
of
60%
on
60%
Stop,
60%
stop
60%
Stop
60%
talkin'
60%
there!
60%
there
60%
There's
60%
there's
60%
try
60%
what
60%
would
60%
as
40%
being
40%
blind!?
40%
break
40%
breath.
40%
can't
40%
care..?
40%
care!?
40%
doesn't
40%
down
40%
even
40%
For
40%
fun
40%
game
40%
have
40%
idiot!?
40%
if
40%
just
40%
know
40%
matter
40%
mine,
40%
missing!?
40%
need
40%
new,
40%
obtuse,
40%
or
40%
Or
40%
past
40%
play,
40%
put
40%
real
40%
right
40%
screen.
40%
see,
40%
SHUT
40%
smell
40%
static
40%
swear
40%
talking.
40%
telling
40%
that-
40%
think
40%
this
40%
This
40%
time...
40%
time!
40%
time
40%
TURN,
40%
wasting
40%
we'll
40%
were-
40%
where
40%
you'll
40%
You'll
40%
your
40%
You're
40%
adventures
20%
afraid
20%
aligns
20%
answer
20%
ANSWER
20%
Answer
20%
answer's
20%
B-but
20%
Before
20%
But
20%
control
20%
cool
20%
cray.
20%
crazy
20%
dawdling!
20%
dear
20%
discuss
20%
elegantly.
20%
ends
20%
everyday.
20%
fair,
20%
fair...
20%
good
20%
hands
20%
Hmmm...
20%
inside
20%
isn't
20%
let's
20%
Let's
20%
nowhere.
20%
Nowhere.
20%
o-okay...
20%
plot
20%
QUESTION-
20%
question...
20%
quick,
20%
remember!
20%
seen
20%
seethe.
20%
since
20%
somewhere.
20%
spotting...
20%
store,
20%
suddenly-
20%
take
20%
tape
20%
thought
20%
treat.
20%
what's
20%
why
20%
wild
20%
Point
0%

Score Distribution

Percentile by Number Answered

Percent of People with Each Score

Your Score History

You have not taken this quiz